Curso de higuiene para manipuladores de alimentos / D. Hazelwood. (Registro nro. 14915)

Detalles MARC
000 -LÍDER
fixed length control field 00444nam a2200145 4500
008 - ELEMENTOS DE LONGITUD FIJA -- INFORMACIÓN GENERAL
fixed length control field 0 1994 0a 000 0ESP
020 ## - NÚMERO INTERNACIONAL NORMALIZADO PARA LIBROS
ISBN 84-200-0753-6
050 ## - SIGNATURA TOPOGRAFICA DE LA BIBLIOTECA DEL CONGRESO (LC)
Número de Clasificación RA601 H39
082 ## - NUMERO DE CLASIFICACION DECIMAL DEWEY
Número de Clasificación 664.07 H429c
100 ## - ASIENTO PRINCIPAL--NOMBRE PERSONAL
Nombre personal Hazelwood, D.
245 ## - TÍTULO
Título Curso de higuiene para manipuladores de alimentos / D. Hazelwood.
260 ## - PUBLICACIÓN, DISTRIBUCIÓN, ETC. (PIE DE IMPRENTA)
Lugar de publicación, distribución, etc. España : ACRIBIA
300 ## - DESCRIPCIÓN FÍSICA
Extensión 127 p. / 24 cm
650 ## - ASIENTO SECUNDARIO DE MATERIA - TERMINO TEMÁTICO
Término temático o nombre geográfico como elemento de entrada 1.ALIMENTOS-MANEJO \ 2.INTOXICACIÓN POR ALIMENTOS.
Existencias
No. biblioteca No. biblioteca Número de clasificación Código de barras/Número de adquisición Número de copia Tipo de material
LUIS G. INCLAN LUIS G. INCLAN 664.07 H429c 30928 1 Libros
LUIS G. INCLAN LUIS G. INCLAN 664.07 H429c 45256 2 Libros
LUIS G. INCLAN LUIS G. INCLAN 664.07 H429c 45541 3 Libros
LUIS G. INCLAN LUIS G. INCLAN 664.07 H429c 45542 4 Libros
Calzada Tecnológico # 27, Zacatepec, Morelos.
01(734) 343-07-23 / 343-21-10 / 343-21-11
Apdo. Postal 45 C.P 62780